[Event "Titled Tuesday intern op 03rd May Early"]
[Site "Chess.com INT"]
[Date "2022.05.03"]
[Round "3"]
[White "Mikhnenko, Alexander"]
[Black "Ismayil, Malak"]
[Result "1-0"]
[WhiteElo "2048"]
[BlackElo "2001"]
[PlyCount "35"]
[EventDate "2022.05.03"]
[EventType "swiss (blitz)"]
[EventRounds "11"]
[EventCountry "USA"]
[SourceTitle "CBM 208 Extra"]
[Source "ChessBase"]
[SourceDate "2022.07.31"]
[SourceVersion "1"]
[SourceVersionDate "2022.07.31"]
[SourceQuality "1"]

1. e4 e5 2. Nf3 Nc6 3. Bb5 a6 4. Ba4 Nf6 5. 0-0 b5 6. Bb3 Bc5 7. c3 0-0 8. a4 Rb8 9. d4 Bd6 10. Bg5 h6 11. Bh4 Qe7 12. Nbd2 g5 13. Nxg5 hxg5 14. Bxg5 exd4 15. f4 dxc3 16. e5 Bc5+ 17. Kh1 cxd2 18. Bxf6 1-0

[Event "Titled Tuesday intern op 03rd May Early"]
[Site "Chess.com INT"]
[Date "2022.05.03"]
[Round "7"]
[White "Petre, Nad Titus"]
[Black "Mikhnenko, Alexander"]
[Result "1-0"]
[WhiteElo "2297"]
[BlackElo "2048"]
[PlyCount "43"]
[EventDate "2022.05.03"]
[EventType "swiss (blitz)"]
[EventRounds "11"]
[EventCountry "USA"]
[SourceTitle "CBM 208 Extra"]
[Source "ChessBase"]
[SourceDate "2022.07.31"]
[SourceVersion "1"]
[SourceVersionDate "2022.07.31"]
[SourceQuality "1"]

1. e4 d5 2. exd5 Nf6 3. Nc3 Nxd5 4. d3 Nxc3 5. bxc3 b6 6. Qf3 c6 7. Be2 Bb7 8. Nh3 Qd7 9. Ng5 e6 10. 0-0 c5 11. Qh5 h6 12. Bg4 g6 13. Qh3 Bg7 14. Nxe6 fxe6 15. Bxe6 Qc6 16. Re1 Kd8 17. Qh4+ g5 18. Bxg5+ hxg5 19. Qxg5+ Kc7 20. Qxg7+ Kd6 21. Qe5+ Ke7 22. Bd5+ 1-0